[Event "Frydek Mistek BSS Cup"]
[Site "Frydek Mistek"]
[Date "2007.02.23"]
[Round "6"]
[White "Hrcko, Martin"]
[Black "Suchomel, Ales"]
[Result "0-1"]
[WhiteElo "1648"]
[BlackElo "1830"]
[PlyCount "40"]
[EventDate "2007.02.19"]
[EventType "swiss"]
[EventRounds "7"]
[EventCountry "CZE"]
[SourceTitle "EXT 2008"]
[Source "ChessBase"]
[SourceDate "2007.11.25"]
[SourceVersion "1"]
[SourceVersionDate "2007.11.25"]
[SourceQuality "1"]

1. e4 e5 2. Nc3 Nf6 3. f4 d6 4. Nf3 Nc6 5. f5 d5 6. Bb5 Nxe4 7. Nxe4 dxe4 8. Nxe5 Qd5 9. Nxc6 bxc6 10. Ba4 Bxf5 11. Rf1 Bg6 12. h4 Be7 13. g3 0-0 14. c3 h6 15. Bc2 Bd6 16. Qg4 Rae8 17. Bb3 Qh5 18. Qh3 Qe5 19. Kf2 Bf5 20. g4 Qf4+ 0-1

[Event "Frydek Mistek BSS Cup"]
[Site "Frydek Mistek"]
[Date "2007.02.21"]
[Round "4"]
[White "Mraz, Martin"]
[Black "Hrcko, Martin"]
[Result "1/2-1/2"]
[WhiteElo "1658"]
[BlackElo "1648"]
[PlyCount "80"]
[EventDate "2007.02.19"]
[EventType "swiss"]
[EventRounds "7"]
[EventCountry "CZE"]
[SourceTitle "EXT 2008"]
[Source "ChessBase"]
[SourceDate "2007.11.25"]
[SourceVersion "1"]
[SourceVersionDate "2007.11.25"]
[SourceQuality "1"]

1. e4 g6 2. d4 Bg7 3. Nc3 d6 4. Be3 Nf6 5. Nf3 0-0 6. Be2 Nc6 7. 0-0 e5 8. dxe5 Nxe5 9. Nxe5 dxe5 10. f3 Be6 11. Bc5 Re8 12. Nb5 Qc8 13. Qc1 a6 14. Nc3 Rd8 15. Qg5 Qd7 16. Rfd1 Qe8 17. Rxd8 Rxd8 18. Ba3 Qc6 19. Kh1 Qb6 20. Rb1 h6 21. Qh4 Rd7 22. Bd3 Nh5 23. Rd1 Nf4 24. Qe1 Nxd3 25. Rxd3 Rxd3 26. cxd3 Qd4 27. Qd2 Bc4 28. Nd5 Bxd5 29. exd5 Qxd5 30. b3 f5 31. Bb2 c5 32. h3 b5 33. Qe2 g5 34. Kh2 a5 35. g3 a4 36. f4 gxf4 37. gxf4 Kf7 38. Qh5+ Kg8 39. Qxf5 axb3 40. Qc8+ Kh7 1/2-1/2